LEADER 01634nam a2200337 i 4500 001 000000363667 003 CaOOAMICUS 005 20250723094924.0 008 250723s2018 it 000 u mul r 020 $a978-88-6894-307-3 040 $aSeMil$bita 245 03$aLa Riforma protestante nei Paesi slavi /$ca cura di Giovanna Broggi Bercoff e Roland Marti. 264 1$aMilano :$bBiblioteca Ambrosiana :$bCentro Ambrosiano,$c2018. 300 $aVIII, 317 p. ;$c24 cm. 490 1 $aSlavica Ambrosiana ;$v8 490 1 $aAccademia Ambrosiana. Classe di slavistica 546 $aTesti in italiano e inglese 650 04$aRiforma protestante - Paesi slavi.$0(OLS)http://semarc/subject/58305 650 4$aSlavi - Religioni.$0(OLS)http://semarc/subject/52921 700 1 $aBroggi Bercoff, Giovanna.$0(OLS)http://semarc/name/122457 700 1 $aMarti, Roland Walter.$0(OLS)http://semarc/name/76146 710 2 $aBiblioteca Ambrosiana : Accademia Ambrosiana.$0(OLS)http://semarc/name/87942 830 0$aSlavica Ambrosiana ;$v8.$0(OLS)http://semarc/title/36343 830 0$aAccademia ambrosiana. Classe di slavistica.$0(OLS)http://semarc/title/454017 850 $aSeMil 852 $aSeMil$W1$xVenegono$y1$m3TA U 8$j260158$B254533$CSeMilBibl$Z2$F254533 $81 961 $aBiblioteca Ambrosiana - Omaggio 996 $6020$a978-88-6894-307-3$9(OLS)http://semarc/number/303706 996 $6245$aLa Riforma protestante nei Paesi slavi$9(OLS)http://semarc/title/454951 996 $6264$aMilano :$bBiblioteca Ambrosiana :$bCentro Ambrosiano$9(OLS)http://semarc/publisher/62474 LEADER 00406nab a2200133 i 4500 001 000000261152 003 CaOOAMICUS 005 20180831164604.0 008 180831n xx uu u0 0und r 013 $a2080 040 $aSeMil$bita 245 10$a[vedi periodico]. 773 0 $tJeunes difficiles, jeunes en difficulté?.$dParis : Catéchèse, 2003.$w()130042 996 $6245$a[vedi periodico]$9(OLS)http://semarc/title/309439 LEADER 01038nam a2200253 i 4500 001 000000101464 003 CaOOAMICUS 005 20031010000000.0 008 031010s2000 xx u000 u und u 013 $a73616 020 $a88-8123-181-6 040 $aSeMil$bita 100 1 $aScalmana, Gabriele.$0(OLS)http://semarc/name/37879 245 10$aTeilhard de Chardin. La fede e la scienza. 260 $aLuogo non identificato :$bIn Dialogo,$c2000. 300 $a128 p. 490 0 $aTeologi & Pensatori del '900 600 14$aTeilhard de Chardin, Pierre .$0(OLS)http://semarc/subject/2657 830 0$aTeologi & Pensatori del '900.$0(OLS)http://semarc/title/8208 850 $aSeMil 852 $aSeMil$W1$xVenegono$y1$m189 1 1 *$j58257$B58257$CSeMilBibl$Z2$F68975 $81 996 $6020$a88-8123-181-6$9(OLS)http://semarc/number/81250 996 $6245$aTeilhard de Chardin. La fede e la scienza$9(OLS)http://semarc/title/148357 996 $6260$aLuogo non identificato :$bIn Dialogo$9(OLS)http://semarc/publisher/44643